[Event "Madrid ch - Previa A"]
[Site "Madrid ESP"]
[Date "2009.11.17"]
[Round "8.18"]
[White "Barragan Panal, Juan Jose"]
[Black "Pardiñas Riaño, Emilio"]
[Result "1-0"]
[WhiteElo "1687"]
[BlackElo "1838"]
[PlyCount "93"]
[EventDate "2009.11.02"]
[EventType "swiss"]
[EventRounds "9"]
[EventCountry "ESP"]
[Source "lmi"]
[SourceDate "2009.11.02"]

1. c4 e5 2. Nc3 Nf6 3. Nf3 d5 4. cxd5 Nxd5 5. Nxe5 Be7 6. e3 O-O 7. d4 Nf6 8.
Bd3 Be6 9. O-O Nbd7 10. Nxd7 Qxd7 11. Qc2 h6 12. Rd1 Qc8 13. e4 c6 14. f3 a6
15. Na4 Nd7 16. Be3 b5 17. Nc5 Nxc5 18. dxc5 Qc7 19. Kh1 Rad8 20. a4 Ra8 21.
axb5 axb5 22. Qc3 Rfd8 23. Rxa8 Rxa8 24. Bd4 f6 25. b4 Rd8 26. Ra1 Qd7 27. Bxb5
cxb5 28. Bg1 Bc4 29. Ra6 Rc8 30. Qa3 Bd8 31. Rd6 Qe7 32. Qa6 Qc7 33. Rb6 Rb8
34. Rc6 Qb7 35. Qxb7 Rxb7 36. Rc8 Rd7 37. c6 Rc7 38. Rxd8+ Kf7 39. Rd6 Ke7 40.
Bc5 Ke8 41. Bb6 Rc8 42. c7 Kf7 43. Rd8 Be6 44. Kg1 Ke7 45. Kf2 Kf7 46. Ke3 Ra8
47. Rxa8 1-0

[Event "Madrid ch - Previa A"]
[Site "Madrid ESP"]
[Date "2009.11.17"]
[Round "8.19"]
[White "Benitez Cadenas, Luis Miguel"]
[Black "Martinez Miura, Enrique"]
[Result "1-0"]
[WhiteElo "1774"]
[BlackElo "1747"]
[PlyCount "59"]
[EventDate "2009.11.02"]
[EventType "swiss"]
[EventRounds "9"]
[EventCountry "ESP"]
[Source "lmi"]
[SourceDate "2009.11.02"]

1. d4 e6 2. c4 d5 3. cxd5 exd5 4. Nc3 Nf6 5. Bg5 Be7 6. e3 Bf5 7. Qb3 b6 8.
Bxf6 gxf6 9. Qxd5 Qxd5 10. Nxd5 Kd7 11. Nxe7 Kxe7 12. Rc1 Rc8 13. Nf3 a5 14.
Be2 Na6 15. a3 c6 16. O-O b5 17. Nd2 b4 18. Bxa6 Rxa6 19. Rc5 Bd7 20. Ra1 Rb8
21. Rh5 bxa3 22. bxa3 Rb2 23. Ne4 Rab6 24. g3 Bg4 25. Rxa5 Bf3 26. Nc3 Rc2 27.
Na4 Ra2 28. Rc1 Rxa3 29. Ra7+ Kd6 30. Nxb6 1-0

[Event "Madrid ch - Previa A"]
[Site "Madrid ESP"]
[Date "2009.11.17"]
[Round "8.20"]
[White "Beekhof Harmsen, Willen"]
[Black "Poblador Dieguez, Alfredo"]
[Result "1/2-1/2"]
[WhiteElo "1872"]
[BlackElo "1661"]
[PlyCount "94"]
[EventDate "2009.11.02"]
[EventType "swiss"]
[EventRounds "9"]
[EventCountry "ESP"]
[Source "lmi"]
[SourceDate "2009.11.02"]

1. d4 d5 2. Nf3 Nf6 3. g3 Bg4 4. Bg2 e6 5. O-O c5 6. c4 Nc6 7. cxd5 Bxf3 8.
exf3 Nxd5 9. dxc5 Bxc5 10. Qc2 Qb6 11. Nc3 Nxc3 12. Qxc3 Bd4 13. Qa3 Bc5 14.
Qa4 O-O 15. Qe4 Rfd8 16. Rb1 Rd7 17. a3 a5 18. Be3 Bxe3 19. Qxe3 Qxe3 20. fxe3
Rad8 21. f4 Ne7 22. Bf3 b6 23. Rfd1 Rxd1+ 24. Rxd1 Rxd1+ 25. Bxd1 Nf5 26. Kf2
Kf8 27. Ke2 Ke7 28. Kd3 Kd6 29. e4 Ne7 30. Kc4 Kc7 31. h3 Nc8 32. e5 Ne7 33.
Ba4 Nc6 34. b3 f6 35. b4 axb4 36. Bxc6 Kxc6 37. axb4 fxe5 38. fxe5 b5+ 39. Kd4
g5 40. h4 gxh4 41. gxh4 Kb6 42. Ke3 Kc6 43. Ke4 h6 44. Kd4 Kb6 45. Kd3 Kc6 46.
Ke4 Kb6 47. Kf4 Kc6 1/2-1/2

[Event "Madrid ch - Previa A"]
[Site "Madrid ESP"]
[Date "2009.11.17"]
[Round "8.21"]
[White "Hernanz Villaoslada, Javier"]
[Black "Marcelo De La Mata, Daniel"]
[Result "0-1"]
[WhiteElo "1705"]
[BlackElo "1632"]
[PlyCount "92"]
[EventDate "2009.11.02"]
[EventType "swiss"]
[EventRounds "9"]
[EventCountry "ESP"]
[Source "lmi"]
[SourceDate "2009.11.02"]

1. d4 Nf6 2. c4 e6 3. Nc3 Bb4 4. Bg5 b6 5. e4 h6 6. Bxf6 Qxf6 7. e5 Qe7 8. Qf3
Bxc3+ 9. Qxc3 Bb7 10. Be2 Bxg2 11. Bf3 Bxh1 12. Bxh1 Qg5 13. Nh3 Qf5 14. Bxa8
c6 15. O-O-O O-O 16. Bb7 Rd8 17. Qd3 Qxd3 18. Rxd3 d6 19. Ra3 a5 20. Rb3 dxe5
21. dxe5 Rd4 22. Rxb6 Rxc4+ 23. Kd2 Nd7 24. Rxc6 Rb4 25. Rc8+ Kh7 26. Rc7 Nxe5
27. Kc3 Rh4 28. Bg2 Kg6 29. Rc5 Kf6 30. f3 Nxf3 31. Rxa5 Ne5 32. b4 Nc4 33. Nf2
Nxa5 34. Ne4+ Ke5 35. bxa5 Kd5 36. Ng5+ Kc5 37. Nxf7 Rxh2 38. Bb7 Rh3+ 39. Kb2
g5 40. a6 Kb6 41. Nd6 g4 42. a4 g3 43. Nc4+ Ka7 44. Ne3 Rh2+ 45. Ng2 h5 46. Kc3
h4 0-1

[Event "Madrid ch - Previa A"]
[Site "Madrid ESP"]
[Date "2009.11.17"]
[Round "8.22"]
[White "Perez Romana, David"]
[Black "Corredor Gonzalez, Angel L"]
[Result "1-0"]
[WhiteElo "1579"]
[BlackElo "1806"]
[PlyCount "115"]
[EventDate "2009.11.02"]
[EventType "swiss"]
[EventRounds "9"]
[EventCountry "ESP"]
[Source "lmi"]
[SourceDate "2009.11.02"]

1. e4 e5 2. Nf3 Nf6 3. Nc3 Bb4 4. Nd5 Nxd5 5. exd5 e4 6. Nd4 O-O 7. Bc4 Qf6 8.
c3 Bc5 9. O-O Bxd4 10. cxd4 Qxd4 11. d3 d6 12. Be3 Qxb2 13. dxe4 Nd7 14. Bd4
Qb4 15. Qd3 Ne5 16. Bxe5 dxe5 17. Rab1 Qd6 18. Qg3 a6 19. f4 Qc5+ 20. Kh1 Qxc4
21. f5 Qxe4 22. f6 Qg6 23. Qxe5 gxf6 24. Qf4 Kh8 25. Rb3 Qg5 26. Qf2 f5 27.
Qd4+ Qg7 28. Qf4 f6 29. Rg3 Qf7 30. Qh6 Rg8 31. Rxg8+ Kxg8 32. Rf3 f4 33. Qxf4
Qxd5 34. Rg3+ Kf7 35. Qxc7+ Bd7 36. Qc2 Qf5 37. Qc4+ Qe6 38. Qb4 Rc8 39. h3
Rc1+ 40. Kh2 Qd5 41. Qh4 Bf5 42. Qh5+ Ke7 43. Qh6 Re1 44. Qg7+ Qf7 45. Qh6 Bg6
46. Qd2 Rb1 47. Re3+ Kf8 48. Qd8+ Kg7 49. Re7 Qxe7 50. Qxe7+ Bf7 51. Qe4 Rb5
52. Qc2 Bd5 53. a4 Rb3 54. Qd1 Be6 55. Qe2 Bd5 56. Qg4+ Kf8 57. Qd4 Bf7 58.
Qxf6 1-0

[Event "Madrid ch - Previa A"]
[Site "Madrid ESP"]
[Date "2009.11.17"]
[Round "8.24"]
[White "Cortijo Manso, Luis"]
[Black "Perez Herrero, Angel"]
[Result "0-1"]
[WhiteElo "1628"]
[BlackElo "1627"]
[PlyCount "92"]
[EventDate "2009.11.02"]
[EventType "swiss"]
[EventRounds "9"]
[EventCountry "ESP"]
[Source "lmi"]
[SourceDate "2009.11.02"]

1. e4 e6 2. d4 d5 3. exd5 exd5 4. Bd3 c5 5. dxc5 Bxc5 6. Nf3 Nf6 7. O-O O-O 8.
Nbd2 Bg4 9. h3 Bh5 10. a3 Nc6 11. Nb3 Bb6 12. Be2 Qd6 13. Qd3 Bxf3 14. Qxf3 Bc7
15. g3 Ne4 16. Bf4 Qd7 17. Kg2 Bxf4 18. Qxf4 Qe7 19. Bf3 Rfe8 20. Rae1 g6 21.
Nd2 f5 22. Nxe4 dxe4 23. Be2 Qc5 24. c3 Re5 25. h4 Rae8 26. h5 Kg7 27. hxg6
hxg6 28. Rh1 Rg8 29. Qh6+ Kf6 30. Qh4+ Ke6 31. Qh7 Ne7 32. g4 Kf6 33. Qh4+ g5
34. Qh6+ Ng6 35. Rh5 f4 36. Qh7 Qc8 37. Rd1 f3+ 38. Kg3 fxe2 39. Rd6+ Re6 40.
Rd7 Qf8 41. Rh6 Rg7 42. Rxg7 Qxg7 43. Rxg6+ Qxg6 44. Qh1 e3 45. Qe1 Qc2 46.
fxe3 Rxe3+ 0-1

[Event "Madrid ch - Previa A"]
[Site "Madrid ESP"]
[Date "2009.11.18"]
[Round "9.1"]
[White "Perez Cameselle, Francisco"]
[Black "Sotnikov, Taras"]
[Result "1/2-1/2"]
[WhiteElo "1930"]
[BlackElo "1971"]
[PlyCount "28"]
[EventDate "2009.11.02"]
[EventType "swiss"]
[EventRounds "9"]
[EventCountry "ESP"]
[Source "lmi"]
[SourceDate "2009.11.02"]

1. e4 d5 2. exd5 Qxd5 3. Nc3 Qa5 4. Nf3 c6 5. g3 Nf6 6. Bg2 Bg4 7. h3 Bh5 8.
O-O e6 9. d4 Bd6 10. Ne2 Nbd7 11. Bf4 Bxf4 12. Nxf4 Bg6 13. Nxg6 hxg6 14. Qe2
O-O-O 1/2-1/2

[Event "Madrid ch - Previa A"]
[Site "Madrid ESP"]
[Date "2009.11.18"]
[Round "9.4"]
[White "Lopez Heras, Arturo"]
[Black "Iagar, Razvan-Gabriel"]
[Result "1/2-1/2"]
[WhiteElo "1979"]
[BlackElo "1971"]
[PlyCount "21"]
[EventDate "2009.11.02"]
[EventType "swiss"]
[EventRounds "9"]
[EventCountry "ESP"]
[Source "lmi"]
[SourceDate "2009.11.02"]

1. e4 e6 2. d4 d5 3. e5 c5 4. c3 Nc6 5. Nf3 Bd7 6. Be2 cxd4 7. cxd4 Bb4+ 8. Nc3
f6 9. O-O fxe5 10. dxe5 Nge7 11. Bd3 1/2-1/2

[Event "Madrid ch - Previa A"]
[Site "Madrid ESP"]
[Date "2009.11.18"]
[Round "9.5"]
[White "Garcia Gutierrez, Jose"]
[Black "Rodriguez Vignote, Javier"]
[Result "0-1"]
[WhiteElo "2053"]
[BlackElo "1874"]
[PlyCount "120"]
[EventDate "2009.11.02"]
[EventType "swiss"]
[EventRounds "9"]
[EventCountry "ESP"]
[Source "lmi"]
[SourceDate "2009.11.02"]

1. e4 e6 2. d4 d5 3. Nd2 Nf6 4. e5 Nfd7 5. f4 c5 6. c3 Nc6 7. Ndf3 cxd4 8. cxd4
Qb6 9. a3 Na5 10. b4 Nc4 11. Bxc4 dxc4 12. d5 exd5 13. Qxd5 Qe6 14. Qxe6+ fxe6
15. Ne2 b5 16. Ned4 Nb6 17. Nxb5 Kd7 18. O-O a5 19. Rd1+ Nd5 20. f5 Bb7 21.
fxe6+ Kxe6 22. Rxd5 Bxd5 23. Nc7+ Kf5 24. Nxa8 Bxa8 25. bxa5 Bc5+ 26. Kf1 Rd8
27. Ke2 Be4 28. Bb2 Rd3 29. Rf1 Kg4 30. e6 Re3+ 31. Kd1 Rd3+ 32. Nd2 Bxg2 33.
Re1 c3 34. Bxc3 Rxc3 35. e7 Bc6 36. e8=Q Bxe8 37. Rxe8 Rxa3 38. Nc4 Ra1+ 39.
Ke2 Bb4 40. Ra8 h5 41. a6 Ra2+ 42. Kf1 g5 43. Ne5+ Kh3 44. Nd3 Bc3 45. Rc8 Bd4
46. Rc4 Be3 47. Re4 Ba7 48. Re6 Kxh2 49. Nb4 Ra1+ 50. Ke2 h4 51. Rg6 Ra5 52.
Kf3 Kh3 53. Rg7 Ra3+ 54. Ke4 Ra4 55. Rb7 g4 56. Kd3 Bf2 57. Ke2 g3 58. Nd3 Bd4
59. Rd7 g2 60. Nf4+ Kh2 0-1

[Event "Madrid ch - Previa A"]
[Site "Madrid ESP"]
[Date "2009.11.18"]
[Round "9.7"]
[White "Vukotic Jovsic, Dragan"]
[Black "Diaz Begonte, Manuel"]
[Result "1-0"]
[WhiteElo "1970"]
[BlackElo "1793"]
[PlyCount "112"]
[EventDate "2009.11.02"]
[EventType "swiss"]
[EventRounds "9"]
[EventCountry "ESP"]
[Source "lmi"]
[SourceDate "2009.11.02"]

1. d4 d5 2. Bf4 Nf6 3. Nf3 e6 4. e3 Bd6 5. Bg3 Nbd7 6. c4 Bxg3 7. hxg3 dxc4 8.
Bxc4 Nb6 9. Bd3 Qd6 10. Nc3 Qb4 11. Qc2 h6 12. a3 Qe7 13. Ne5 Bd7 14. Rc1 a6
15. Ne4 Nbd5 16. Nxf6+ gxf6 17. Nxd7 Qxd7 18. e4 Ne7 19. Qxc7 Nc6 20. Qxd7+
Kxd7 21. d5 exd5 22. exd5 Rae8+ 23. Kd2 Ne7 24. Rh5 Reg8 25. Rch1 Rg5 26. Rxh6
Rxh6 27. Rxh6 Nxd5 28. Be4 Ke6 29. Rh8 b5 30. Re8+ Kd7 31. Rf8 Ke7 32. Ra8 Nc7
33. Ra7 Kd6 34. b4 Re5 35. Bb7 Rf5 36. f4 Rh5 37. Ke2 Rh1 38. Bxa6 Kc6 39. Bc8
Ra1 40. Kf3 Kb6 41. Ra5 Rc1 42. Bd7 Rd1 43. Bf5 Rd5 44. Be4 Rd4 45. Ke3 Rd6 46.
a4 Rd1 47. axb5 Re1+ 48. Kf3 Nxb5 49. Bd3 Nd4+ 50. Kf2 Rd1 51. Ke3 Ne6 52. Rf5
Re1+ 53. Kf2 Rd1 54. Ke2 Rg1 55. Kf2 Rd1 56. Be2 Rb1 1-0

[Event "Madrid ch - Previa A"]
[Site "Madrid ESP"]
[Date "2009.11.18"]
[Round "9.8"]
[White "Martin Prieto, Oscar"]
[Black "Lozano Sanchez, Jose Antonio"]
[Result "1-0"]
[WhiteElo "1967"]
[BlackElo "1912"]
[PlyCount "137"]
[EventDate "2009.11.02"]
[EventType "swiss"]
[EventRounds "9"]
[EventCountry "ESP"]
[Source "lmi"]
[SourceDate "2009.11.02"]

1. d4 d5 2. Nf3 Nf6 3. c3 c6 4. Bg5 Nbd7 5. Nbd2 h6 6. Bh4 Qb6 7. Qc2 e6 8. e3
Be7 9. Bd3 c5 10. O-O c4 11. Be2 Qd8 12. b3 cxb3 13. axb3 a6 14. c4 O-O 15. c5
Nh5 16. Bxe7 Qxe7 17. b4 Nhf6 18. b5 e5 19. c6 bxc6 20. dxe5 Nxe5 21. Nxe5 Qxe5
22. Nf3 Qc7 23. Qxc6 Qxc6 24. bxc6 a5 25. Nd4 Ne4 26. Rfc1 Nd6 27. Rc5 Be6 28.
Rcxa5 Rxa5 29. Rxa5 Rc8 30. Bd3 Kf8 31. f3 Rc7 32. Kf2 Ke7 33. h4 g6 34. g4 g5
35. h5 Nc8 36. e4 dxe4 37. Bxe4 Nd6 38. Bd5 Kf6 39. Bxe6 fxe6 40. Rc5 e5 41.
Nc2 e4 42. Nb4 Ke6 43. Ke3 exf3 44. Kxf3 Ne8 45. Na6 Rf7+ 46. Kg3 Nc7 47. Nxc7+
Rxc7 48. Kf3 Kd6 49. Rf5 Ke6 50. Rc5 Kd6 51. Rc4 Rf7+ 52. Ke3 Kc7 53. Re4 Rf6
54. Kd4 Kxc6 55. Ke5 Rf1 56. Ra4 Kd7 57. Ra6 Rf4 58. Rxh6 Rxg4 59. Kf5 Rg1 60.
Rg6 g4 61. Kf6 g3 62. h6 g2 63. Kg7 Re1 64. Rxg2 Re7+ 65. Kh8 Ke8 66. Rg8+ Kf7
67. Rg7+ Kf8 68. Rxe7 Kxe7 69. Kg7 1-0

[Event "Madrid ch - Previa A"]
[Site "Madrid ESP"]
[Date "2009.11.18"]
[Round "9.9"]
[White "Fernandez Aransay, Fernando"]
[Black "Baeza Escudero, Javier"]
[Result "1-0"]
[WhiteElo "1937"]
[BlackElo "1956"]
[PlyCount "77"]
[EventDate "2009.11.02"]
[EventType "swiss"]
[EventRounds "9"]
[EventCountry "ESP"]
[Source "lmi"]
[SourceDate "2009.11.02"]

1. e4 e5 2. Nf3 Nc6 3. d4 exd4 4. Nxd4 Nf6 5. Nxc6 bxc6 6. Bd3 Bb4+ 7. c3 Bc5
8. O-O d5 9. e5 Ng4 10. Bf4 g5 11. Bg3 h5 12. Qa4 Bd7 13. Bf5 Nh6 14. e6 Nxf5
15. exd7+ Kxd7 16. Nd2 Nxg3 17. hxg3 Rh6 18. Rad1 Kc8 19. b4 Bb6 20. c4 dxc4
21. Qa6+ Kb8 22. Nxc4 Qc8 23. Qa3 h4 24. g4 Kb7 25. Na5+ Kb8 26. Qf3 Bxa5 27.
bxa5 Qe8 28. Rfe1 Re6 29. Rxe6 fxe6 30. a6 Kc8 31. Rb1 Kd7 32. Qf6 Qg8 33. Rd1+
Ke8 34. Qf3 Ke7 35. Qxc6 Rc8 36. Rd7+ Kf6 37. Qc5 Qf8 38. Qc3+ e5 39. Qc6+ 1-0

[Event "Madrid ch - Previa A"]
[Site "Madrid ESP"]
[Date "2009.11.18"]
[Round "9.10"]
[White "Osorio Ramos, Francisco"]
[Black "Martin-Consuegra Barrilero, Francisco Javier"]
[Result "1/2-1/2"]
[WhiteElo "1946"]
[BlackElo "1891"]
[PlyCount "82"]
[EventDate "2009.11.02"]
[EventType "swiss"]
[EventRounds "9"]
[EventCountry "ESP"]
[Source "lmi"]
[SourceDate "2009.11.02"]

1. d4 d5 2. c4 c6 3. Nf3 Nf6 4. Qc2 g6 5. g3 Bg7 6. Bg2 O-O 7. O-O Bf5 8. Qb3
Qb6 9. c5 Qxb3 10. axb3 Ne4 11. Nc3 Nd7 12. e3 e5 13. Nh4 Nxc3 14. bxc3 Bd3 15.
Re1 e4 16. Bf1 Bxf1 17. Kxf1 a6 18. Bd2 b6 19. b4 bxc5 20. bxc5 Rfb8 21. Reb1
Rxb1+ 22. Rxb1 Rb8 23. Rxb8+ Nxb8 24. Ke2 Bf6 25. Ng2 Bd8 26. Kd1 f5 27. Kc2
Kf7 28. Kb3 Bc7 29. c4 Ke6 30. Nf4+ Bxf4 31. gxf4 Nd7 32. Ba5 Nf6 33. h3 dxc4+
34. Kxc4 Nd5 35. Bd8 Kd7 36. Ba5 h6 37. Bd2 g5 38. fxg5 hxg5 39. Kb3 Nf6 40.
Ka4 Kc8 41. Kb4 Nd5+ 1/2-1/2

[Event "Madrid ch - Previa A"]
[Site "Madrid ESP"]
[Date "2009.11.18"]
[Round "9.11"]
[White "Rodriguez Bachiller, Luis"]
[Black "Huerta Navarro, Eusebio"]
[Result "1-0"]
[WhiteElo "1879"]
[BlackElo "1948"]
[PlyCount "73"]
[EventDate "2009.11.02"]
[EventType "swiss"]
[EventRounds "9"]
[EventCountry "ESP"]
[Source "lmi"]
[SourceDate "2009.11.02"]

1. Nf3 d5 2. c4 Nf6 3. g3 e6 4. Bg2 c5 5. O-O Nc6 6. cxd5 exd5 7. d3 h6 8. b3
Bd6 9. Bb2 Bg4 10. h3 Be6 11. Nbd2 O-O 12. d4 b6 13. e3 Rc8 14. Qe2 Qc7 15. e4
cxd4 16. Nxd4 Nxd4 17. Bxd4 Nxe4 18. Nxe4 Bc5 19. Nxc5 bxc5 20. Be5 Qd7 21. Kh2
d4 22. Rfd1 Rfe8 23. Qf1 Bxb3 24. axb3 Rxe5 25. Qa6 Rc7 26. Qa4 Qf5 27. Qc4
Rce7 28. Qf1 Qc2 29. Rab1 Re2 30. Kg1 Qf5 31. g4 Qe5 32. Bf3 Ra2 33. Re1 Qf6
34. Rxe7 Qxe7 35. Re1 Qd6 36. Re8+ Kh7 37. Qb1+ 1-0

[Event "Madrid ch - Previa A"]
[Site "Madrid ESP"]
[Date "2009.11.18"]
[Round "9.12"]
[White "Lopez Rodriguez, Eduardo"]
[Black "Camarero Izquierdo, Juan Carlos"]
[Result "0-1"]
[WhiteElo "1877"]
[BlackElo "1930"]
[PlyCount "112"]
[EventDate "2009.11.02"]
[EventType "swiss"]
[EventRounds "9"]
[EventCountry "ESP"]
[Source "lmi"]
[SourceDate "2009.11.02"]

1. e4 c5 2. Nf3 d6 3. d4 cxd4 4. Nxd4 Nf6 5. Bd3 Nc6 6. Nxc6 bxc6 7. c4 g6 8.
Nc3 Bg7 9. O-O O-O 10. f3 Rb8 11. Qc2 Nh5 12. Be3 Qa5 13. Rac1 e5 14. Qa4 Qxa4
15. Nxa4 Bd7 16. b3 Rb7 17. Rfd1 Rfb8 18. Nc3 Bf8 19. Bb1 f5 20. exf5 gxf5 21.
g3 Nf6 22. Rd2 Be6 23. Bg5 Kf7 24. Rcd1 a5 25. h3 Kg6 26. Bxf6 Kxf6 27. g4 Rg7
28. Kh2 h5 29. gxf5 Bxf5 30. Bxf5 Kxf5 31. Ne4 a4 32. bxa4 Rb4 33. Nxd6+ Bxd6
34. Rxd6 Rxc4 35. a5 Ra7 36. Rd8 Rxa5 37. R1d2 Ra3 38. Re2 Rca4 39. Rf8+ Ke6
40. Re8+ Kd6 41. R8xe5 Rxa2 42. R5e3 Rxe2+ 43. Rxe2 c5 44. Kg2 c4 45. f4 c3 46.
Kg3 Rc4 47. Rc2 Kd5 48. Kf3 Kd4 49. f5 Kd3 50. Re2 Rf4+ 51. Kxf4 Kxe2 52. Kg5
c2 53. Kxh5 c1=Q 54. Kg6 Qh1 55. f6 Qxh3 56. f7 Qh8 0-1

[Event "Madrid ch - Previa A"]
[Site "Madrid ESP"]
[Date "2009.11.18"]
[Round "9.13"]
[White "Maseda Iglesias, Luis"]
[Black "Garcia Gonzalez, Pedro A"]
[Result "1-0"]
[WhiteElo "1839"]
[BlackElo "1911"]
[PlyCount "63"]
[EventDate "2009.11.02"]
[EventType "swiss"]
[EventRounds "9"]
[EventCountry "ESP"]
[Source "lmi"]
[SourceDate "2009.11.02"]

1. d4 f5 2. c4 Nf6 3. g3 e6 4. Bg2 d5 5. Nf3 c6 6. O-O Bd6 7. b3 Qe7 8. Bb2 O-O
9. Qc1 b6 10. Ba3 Bxa3 11. Nxa3 c5 12. cxd5 exd5 13. Qb2 Nbd7 14. e3 Bb7 15.
Rac1 Rac8 16. Rfd1 Ne4 17. Nc2 Ndf6 18. Ne5 g5 19. Ne1 f4 20. f3 Nd6 21. exf4
gxf4 22. g4 c4 23. Qd2 Nd7 24. Nxd7 Qxd7 25. Bf1 Qg7 26. Ng2 Qf6 27. Re1 b5 28.
b4 Rc7 29. Re5 Rcf7 30. Rce1 a6 31. h4 Qg6 32. Rg5 1-0

[Event "Madrid ch - Previa A"]
[Site "Madrid ESP"]
[Date "2009.11.18"]
[Round "9.14"]
[White "Gabriel Y Galan Acevedo, Jesus"]
[Black "Barragan Panal, Juan Jose"]
[Result "1-0"]
[WhiteElo "1981"]
[BlackElo "1687"]
[PlyCount "73"]
[EventDate "2009.11.02"]
[EventType "swiss"]
[EventRounds "9"]
[EventCountry "ESP"]
[Source "lmi"]
[SourceDate "2009.11.02"]

1. Nf3 Nf6 2. d4 e6 3. Bg5 Be7 4. e3 Ne4 5. Bf4 b6 6. Bd3 Bb7 7. O-O g5 8. Be5
f6 9. Bg3 h5 10. h4 Bd6 11. Bxd6 Nxd6 12. Bg6+ Ke7 13. Nc3 Na6 14. hxg5 Qg8 15.
gxf6+ Kxf6 16. Ne5 Nc4 17. Be4 d5 18. Nxc4 dxe4 19. Nd2 Qg6 20. f3 Ke7 21.
Ncxe4 Rag8 22. Qe2 Nb4 23. c4 Nc2 24. Rac1 Nxe3 25. Rf2 Nf5 26. d5 Nh4 27. Nf1
e5 28. Neg3 Kd6 29. Re1 Re8 30. Qe4 Qg5 31. Qxh4 Qxh4 32. Nf5+ Kc5 33. Nxh4
Kxc4 34. Ne3+ Kd3 35. Rc2 Bxd5 36. Rc3+ Kd2 37. Kf2 1-0

[Event "Madrid ch - Previa A"]
[Site "Madrid ESP"]
[Date "2009.11.18"]
[Round "9.15"]
[White "Fernandez Garcia, Ignacio"]
[Black "Marcelo De La Mata, Daniel"]
[Result "1-0"]
[WhiteElo "1895"]
[BlackElo "1632"]
[PlyCount "67"]
[EventDate "2009.11.02"]
[EventType "swiss"]
[EventRounds "9"]
[EventCountry "ESP"]
[Source "lmi"]
[SourceDate "2009.11.02"]

1. e4 c6 2. d4 d5 3. Nc3 dxe4 4. Nxe4 Bf5 5. Ng3 Bg6 6. Nf3 Nd7 7. Bc4 e6 8.
O-O Be7 9. Re1 h6 10. Qe2 Ngf6 11. Bf4 O-O 12. Bxe6 fxe6 13. Qxe6+ Rf7 14. Ne5
Nf8 15. Qb3 Nd5 16. Nxf7 Bxf7 17. Qxb7 Bf6 18. Be5 Qc8 19. Qxc8 Rxc8 20. Bxf6
Nxf6 21. Re7 N8d7 22. Nf5 Kf8 23. Rxf7+ Kxf7 24. Nd6+ Ke7 25. Nxc8+ Kd8 26. Nd6
Ke7 27. Nf5+ Kf7 28. Re1 g5 29. c4 a5 30. Ne7 Nb6 31. b3 a4 32. Nxc6 axb3 33.
axb3 Nbd7 34. Ne5+ 1-0

[Event "Madrid ch - Previa A"]
[Site "Madrid ESP"]
[Date "2009.11.18"]
[Round "9.16"]
[White "Franco Rincon, David"]
[Black "Benitez Cadenas, Luis Miguel"]
[Result "1/2-1/2"]
[WhiteElo "1824"]
[BlackElo "1774"]
[PlyCount "142"]
[EventDate "2009.11.02"]
[EventType "swiss"]
[EventRounds "9"]
[EventCountry "ESP"]
[Source "lmi"]
[SourceDate "2009.11.02"]

1. e4 e6 2. d4 d5 3. exd5 exd5 4. Bd3 Bd6 5. c3 Ne7 6. Nf3 Nbc6 7. Bg5 h6 8.
Bh4 g5 9. Bg3 Bg4 10. Nbd2 Qd7 11. Qc2 Qe6+ 12. Be2 Bf5 13. Qb3 O-O-O 14. Nf1
Bd3 15. Qd1 Bxe2 16. Qxe2 Qxe2+ 17. Kxe2 Nf5 18. Bxd6 Rxd6 19. Kd3 g4 20. N3d2
Re6 21. Ne3 Nxe3 22. fxe3 f5 23. Rhf1 Rf8 24. Rf4 Ne7 25. Raf1 Ref6 26. c4 Kd7
27. cxd5 Nxd5 28. R4f2 b5 29. a3 Nb6 30. g3 Kd6 31. Ke2 Nd7 32. e4 Ke6 33. e5
R6f7 34. Ke3 c5 35. Nb3 a6 36. Nxc5+ Nxc5 37. dxc5 Kxe5 38. Rf4 Kd5 39. b4 Re7+
40. Kd3 Ref7 41. Rd4+ Kc6 42. Rd6+ Kb7 43. Rxh6 Rf6 44. Rh7+ R8f7 45. Rh8 Rf8
46. Rh7+ R8f7 47. Rxf7+ Rxf7 48. Rf4 Rf6 49. Kd4 Rh6 50. Rf2 Kc6 51. Ke5 Rh5
52. Kf6 Rh8 53. Rxf5 Rxh2 54. Re5 Rf2+ 55. Kg5 Rf3 56. Kxg4 Rxa3 57. Kf4 Ra4
58. Re4 a5 59. bxa5 Kxc5 60. g4 Kd5 61. Rxa4 bxa4 62. a6 Kc6 63. g5 a3 64. g6
a2 65. g7 a1=Q 66. g8=Q Qd4+ 67. Kf5 Qd3+ 68. Ke5 Qc3+ 69. Ke4 Qc2+ 70. Ke3
Qc1+ 71. Ke2 Qc2+ 1/2-1/2

[Event "Madrid ch - Previa A"]
[Site "Madrid ESP"]
[Date "2009.11.18"]
[Round "9.17"]
[White "Benito Mellado, Humberto"]
[Black "Beekhof Harmsen, Willen"]
[Result "1/2-1/2"]
[WhiteElo "1636"]
[BlackElo "1872"]
[PlyCount "138"]
[EventDate "2009.11.02"]
[EventType "swiss"]
[EventRounds "9"]
[EventCountry "ESP"]
[Source "lmi"]
[SourceDate "2009.11.02"]

1. d4 f5 2. c4 Nf6 3. g3 e6 4. Bg2 d5 5. Qb3 c6 6. Bg5 Bd6 7. Nf3 O-O 8. O-O
Nbd7 9. c5 Bc7 10. Bxf6 Nxf6 11. Nbd2 Ne4 12. Qe3 Qe7 13. Ne5 Nxd2 14. Qxd2
Bxe5 15. dxe5 Qxc5 16. e3 Qe7 17. b4 b6 18. a4 Bb7 19. Rfc1 Rfc8 20. Qb2 c5 21.
b5 Qc7 22. f4 Rcb8 23. Rc2 a6 24. Bf1 c4 25. bxa6 Rxa6 26. Qb4 Bc6 27. Rca2 Ra5
28. Be2 Rba8 29. Bd1 Be8 30. Rb1 R8a6 31. Kf2 Qc5 32. Rab2 Qxb4 33. Rxb4 Bxa4
34. Bxa4 Rxa4 35. Rxa4 Rxa4 36. Rxb6 Kf7 37. Rb7+ Kg6 38. Re7 Ra6 39. Ke2 Rc6
40. Kd2 h5 41. h4 Kh7 42. Re8 g6 43. Kc3 Kg7 44. Re7+ Kf8 45. Ra7 Rb6 46. Ra8+
Ke7 47. Ra7+ Kd8 48. Rg7 Rb3+ 49. Kd2 Rd3+ 50. Ke2 d4 51. exd4 Rxg3 52. Rg8+
Kd7 53. Rg7+ Kc6 54. Rg8 Kd5 55. Rd8+ Ke4 56. d5 c3 57. dxe6 Kxf4 58. e7 Re3+
59. Kd1 Rxe5 60. e8=Q Rxe8 61. Rxe8 Kg3 62. Rg8 Kxh4 63. Rxg6 f4 64. Kc2 f3 65.
Kxc3 f2 66. Rf6 Kg3 67. Kd2 h4 68. Ke2 h3 69. Rxf2 h2 1/2-1/2

[Event "Madrid ch - Previa A"]
[Site "Madrid ESP"]
[Date "2009.11.18"]
[Round "9.18"]
[White "Pardiñas Riaño, Emilio"]
[Black "Castro Uceda, Jose Antonio"]
[Result "0-1"]
[WhiteElo "1838"]
[BlackElo "1715"]
[PlyCount "126"]
[EventDate "2009.11.02"]
[EventType "swiss"]
[EventRounds "9"]
[EventCountry "ESP"]
[Source "lmi"]
[SourceDate "2009.11.02"]

1. e4 c5 2. Nf3 d6 3. d4 cxd4 4. Nxd4 Nf6 5. Nc3 a6 6. Be2 e6 7. O-O Be7 8. Be3
O-O 9. Qd2 b5 10. a3 Bb7 11. Bf3 Nbd7 12. Bg5 Ne5 13. Qe2 Rc8 14. Bd2 Qc7 15.
Rfc1 Qc4 16. Qe3 d5 17. Be2 Qc7 18. exd5 Nxd5 19. Nxd5 Bxd5 20. Qg3 Bd6 21. Qh3
Nc4 22. Bc3 Ne5 23. Rd1 Ng6 24. g3 Bc5 25. Nf3 Qb6 26. Qf1 Qc6 27. Nd4 Qb6 28.
Nf3 Rfd8 29. Qe1 Qc6 30. Nd4 Bxd4 31. Rxd4 Bh1 32. Qf1 Rxd4 33. Bxd4 Bf3 34.
Bc3 Be4 35. Rc1 Ne7 36. Bd3 Bd5 37. Rd1 Qb6 38. Qh3 g6 39. Qh6 Rxc3 40. bxc3
Bb7 41. Re1 Qc6 42. Be4 Nd5 43. Qd2 Qc5 44. Qd4 Qxa3 45. Bxd5 Bxd5 46. Qb4 Qa2
47. Qb1 Qc4 48. Qb4 Qc6 49. Rd1 e5 50. Qe7 Qxc3 51. Rxd5 Qe1+ 52. Kg2 Qe4+ 53.
Kf1 Qxd5 54. Qa7 Qd6 55. Qa8+ Kg7 56. Qe4 a5 57. Qe2 Qd5 58. f3 a4 59. Kg2 a3
60. Qe1 a2 61. Qa5 Qc4 62. Qe1 Qxc2+ 63. Kh3 Qb2 0-1

[Event "Madrid ch - Previa A"]
[Site "Madrid ESP"]
[Date "2009.11.18"]
[Round "9.19"]
[White "Stet, Nutu"]
[Black "Poblador Dieguez, Alfredo"]
[Result "1-0"]
[WhiteElo "1819"]
[BlackElo "1661"]
[PlyCount "49"]
[EventDate "2009.11.02"]
[EventType "swiss"]
[EventRounds "9"]
[EventCountry "ESP"]
[Source "lmi"]
[SourceDate "2009.11.02"]

1. e4 c5 2. Nf3 d6 3. d4 cxd4 4. Nxd4 Nf6 5. Nc3 a6 6. f3 e6 7. Be3 Nbd7 8. g4
h6 9. Qd2 b5 10. h4 Qc7 11. O-O-O Bb7 12. Kb1 Rc8 13. Bd3 Ne5 14. g5 hxg5 15.
hxg5 Nh5 16. Rh2 Nxd3 17. cxd3 g6 18. Rdh1 Bg7 19. Nce2 Ke7 20. f4 f5 21. gxf6+
Nxf6 22. Rxh8 Rxh8 23. Rg1 Kf7 24. f5 gxf5 25. Rxg7+ 1-0